| 000 | 00700nam a2200265Ia 4500 | ||
|---|---|---|---|
| 001 | 3432 | ||
| 005 | 20240113233629.0 | ||
| 007 | ta | ||
| 008 | 180117s1990 ii a g b000 u 465 u | ||
| 040 | _aCotton College,Assam | ||
| 041 | _aeng | ||
| 082 |
_a954.162 _bBh 469 Tu |
||
| 100 | _aBhuyan, S.K.. | ||
| 245 | 0 |
_aTungkhungia Buranji or a History of Assam 1681-1826 A.D / _cS.K. Bhuyan. _hTextual Documents |
|
| 250 | _a3rd ed. / | ||
| 260 |
_aGuwahati : _bGovt. of Assam , _c1990. |
||
| 300 |
_a262p : _bill ; |
||
| 504 | _aIndex | ||
| 653 | _aHistory-Assam | ||
| 653 | _aAssam History | ||
| 653 | _aRef-History | ||
| 942 |
_2ddc _cBK |
||
| 999 |
_c3420 _d3420 |
||